[Event "Challenge"]
[Site "http://www.queenalice.com/game.php?id=1419869"]
[Date "2016.4.26"]
[Round "-"]
[White "joaobatista"]
[Black "Scaracioli"]
[Result "1-0"]
[WhiteElo "1678"]
[BlackElo "1806"]

1. Nf3 Nf6 2. a3 Nc6 3. d3 e5 4. e4 d5 5. h3 d4 6. g4 h6 7. g5 hxg5 8. Bxg5 Be7
9. c3 b5 10. Nbd2 Be6 11. Bh4 Nh7 12. Bxe7 Nxe7 13. Nxe5 dxc3 14. bxc3 f6 15.
Nef3 g5 16. Nd4 Bd7 17. Qf3 c5 18. N4b3 Qb6 19. Qe3 Rc8 20. Qg3 c4 21. dxc4 bxc4
22. Nd4 Qb2 23. Rb1 Qxa3 24. Be2 Qxc3 25. Qxc3 O-O 26. Rb7 Rfd8 27. Rxa7 Ng6 28.
Bxc4+ Kg7 29. Ne6+ Kh6 30. Nxd8 Rxd8 31. Qa5 Re8 32. Rxd7 Ne5 33. Rc7 Kg6 34.
Qb5 Rd8 35. Bd5 f5 36. exf5+ Kxf5 37. Rxh7 Kf4 38. Qb6 1-0

[Event "Challenge"]
[Site "http://www.queenalice.com/game.php?id=1423241"]
[Date "2016.5.16"]
[Round "-"]
[White "tiagotrevo"]
[Black "joaobatista"]
[Result "0-1"]
[WhiteElo "1388"]
[BlackElo "1695"]

1. e3 Nf6 2. Na3 a6 3. Nf3 d5 4. g4 Bxg4 5. Be2 Bc8 6. c4 e6 7. Qa4+ Bd7 8. Qb3
b6 9. cxd5 Nxd5 10. h4 Bc6 11. Ng5 Nd7 12. d4 h6 13. e4 N5f6 14. Nc4 hxg5 15.
Bxg5 Be7 16. Bf3 b5 17. Ne5 Bxe4 18. Bxe4 Nxe4 19. Qf3 Nxg5 20. hxg5 Rxh1+ 21.
Qxh1 Nxe5 22. Qh8+ Bf8 23. dxe5 Qxg5 24. Qh1 Qxe5+ 25. Kf1 Rd8 26. Re1 Qc5 27.
a3 Rd2 28. Re3 Rd1+ 29. Kg2 Qc6+ 30. Rf3 Rxh1 31. Kxh1 Qxf3+ 32. Kg1 Bc5 33. Kf1
Qxf2# 0-1

[Event "Jacob II"]
[Site "http://www.queenalice.com/game.php?id=1427852"]
[Date "2016.6.16"]
[Round "-"]
[White "joaobatista"]
[Black "nuage"]
[Result "0-1"]
[WhiteElo "1718"]
[BlackElo "1533"]

1. c4 e6 2. a3 Nf6 3. Nc3 Nc6 4. e3 Bd6 5. Bd3 b6 6. b4 O-O 7. Bb2 Bb7 8. Ne4
Ne5 9. Nxd6 cxd6 10. Be2 Bxg2 11. f4 Bxh1 12. fxe5 Ne4 13. Nf3 dxe5 14. Nxe5 f6
15. Ng4 f5 16. Nf2 Qh4 17. d3 Qxf2# 0-1

[Event "Jacob II"]
[Site "http://www.queenalice.com/game.php?id=1431415"]
[Date "2016.7.13"]
[Round "-"]
[White "joaobatista"]
[Black "Scaracioli"]
[Result "1/2-1/2"]
[WhiteElo "1720"]
[BlackElo "1744"]

1. e4 e5 2. a3 d5 3. exd5 Qxd5 4. Nc3 Qd8 5. Bc4 f6 6. b4 c6 7. Nge2 Ne7 8. f4
Ng6 9. d3 Bg4 10. h3 Bxe2 11. Nxe2 Qe7 12. O-O Qc7 13. fxe5 Qxe5 14. d4 Qe7 15.
Ng3 Qc7 16. Re1+ Ne7 17. d5 cxd5 18. Bb5+ Nc6 19. Qxd5 Rd8 20. Qe6 Qxg3 21.
Bxc6+ bxc6 22. Qxc6+ Kf7 23. Qe6+ Ke8 24. Bb2 h5 25. Re3 Qd6 26. Qe4 h4 27. Rd3
Qc7 28. Rxd8+ Qxd8 29. Re1 Rh5 30. Qg6+ Kd7 31. Rd1+ Rd5 32. Qg4+ f5 33. Rxd5+
Nxd5 34. Qxf5+ Kc6 35. c4 Ne7 36. Qc5+ Kd7 37. Qxa7+ Ke8 38. Qa4+ Kf7 39. Qc2
Kg8 40. Be5 g6 41. Bf6 Qb6+ 42. Qf2 Qxf2+ 43. Kxf2 Nf5 44. Kf3 Kf7 45. Be5 Ke6
46. Bc3 g5 47. a4 Be7 48. a5 Nd6 49. a6 Nxc4 50. a7 Nb6 51. b5 Kd5 52. Ba5 Na8
53. b6 Kc6 54. Kg4 Kb7 55. Kf5 Bd8 56. Ke6 Bxb6 57. Bxb6 Kxb6 58. Kf6 Kxa7 59.
Kxg5 Nc7 60. Kxh4 Kb7 61. Kg5 Nd5 62. g4 Kc7 63. h4 Kd7 64. h5 Ke7 65. Kg6 Kf8
66. Kf5 Ne7+ 67. Ke6 Ng8 68. g5 Kg7 69. Kf5 Ne7+ 70. Ke6 Ng8 71. Kf5 Ne7+ 72.
Ke5 Ng8 73. Ke6 1/2-1/2

[Event "Jacob II"]
[Site "http://www.queenalice.com/game.php?id=1431416"]
[Date "2016.7.13"]
[Round "-"]
[White "joaobatista"]
[Black "Scaracioli"]
[Result "1-0"]
[WhiteElo "1699"]
[BlackElo "1737"]

1. c4 Nc6 2. Nc3 a6 3. e3 Nf6 4. h3 e5 5. d3 Bb4 6. a3 Bxc3+ 7. bxc3 d6 8. Bb2
Bd7 9. g3 O-O 10. Bg2 Ra7 11. g4 g5 12. Ne2 Be6 13. O-O Ne7 14. Ng3 Kh8 15. f4
exf4 16. exf4 gxf4 17. Rxf4 Ng6 18. Rf1 Rg8 19. c5 dxc5 20. c4 Qd7 21. Bxf6+ Rg7
22. Nh5 Kg8 23. Nxg7 b5 24. Qc2 c6 25. cxb5 axb5 26. Qxc5 Ra6 27. d4 Ra4 28.
Bxc6 Qc8 29. Qxb5 Ra6 30. d5 Bd7 31. Bxd7 Qa8 32. Rae1 Qa7+ 33. Rf2 Rxf6 34. Nf5
Nf8 35. Re8 Rb6 36. Rxf8+ Kxf8 37. Qc5+ Kg8 38. Qc8# 1-0

[Event "Jacob II"]
[Site "http://www.queenalice.com/game.php?id=1433847"]
[Date "2016.7.30"]
[Round "-"]
[White "joaobatista"]
[Black "nuage"]
[Result "1-0"]
[WhiteElo "1721"]
[BlackElo "1551"]

1. e4 e5 2. h3 Bc5 3. Nc3 Nf6 4. a3 O-O 5. g3 Nc6 6. Bg2 h6 7. Na4 Bd4 8. c3 Bb6
9. Nxb6 cxb6 10. Ne2 b5 11. f4 exf4 12. Nxf4 Qe7 13. O-O Nxe4 14. Re1 f5 15.
Qb3+ Kh7 16. d3 Qc5+ 17. d4 Nxd4 18. cxd4 Qxd4+ 19. Be3 Qc4 20. Qd3 Qxd3 21.
Nxd3 Nxg3 22. Bf4 Nh5 23. Bd6 Rf6 24. Be7 Rc6 25. Bc5 Rg6 26. Ne5 Rg3 27. Kh2
Nf4 28. Kxg3 g5 29. Bf1 Nh5+ 30. Kh2 b6 31. Bb4 Bb7 32. Nxd7 Rd8 33. Rad1 Nf4
34. Re7+ Kg6 35. Rd6+ Kh5 36. Nf6+ Kh4 37. Be1# 1-0

[Event "Jacob II"]
[Site "http://www.queenalice.com/game.php?id=1435232"]
[Date "2016.8.8"]
[Round "-"]
[White "joaobatista"]
[Black "tiagotrevo"]
[Result "1-0"]
[WhiteElo "1730"]
[BlackElo "1381"]

1. c4 e6 2. e4 Bc5 3. a3 a5 4. d4 Bb6 5. c5 Ba7 6. Bd3 d6 7. Nf3 dxc5 8. dxc5
Bxc5 9. h3 a4 10. Qc2 b6 11. O-O Nh6 12. Nbd2 Ba6 13. Nc4 Bxc4 14. Bxc4 O-O 15.
Bg5 Qd6 16. Rad1 Qc6 17. Bxh6 gxh6 18. Ne5 Qe8 19. Qe2 Nc6 20. Nd7 Rd8 21. Nf6+
Kg7 22. Nxe8+ Rfxe8 23. Bb5 Rxd1 24. Bxc6 Rdd8 25. Bxe8 Rxe8 26. Rd1 c6 27. e5
b5 28. Qe4 Rc8 29. Rd7 b4 30. axb4 Bb6 31. Qg4+ Kf8 32. Qh5 Rc7 33. Qxf7# 1-0

[Event "Jacob II"]
[Site "http://www.queenalice.com/game.php?id=1435233"]
[Date "2016.8.8"]
[Round "-"]
[White "joaobatista"]
[Black "tiagotrevo"]
[Result "1-0"]
[WhiteElo "1717"]
[BlackElo "1384"]

1. e4 h5 2. h3 Nf6 3. e5 Nd5 4. c4 Nb4 5. a3 N4c6 6. Nf3 e6 7. d4 b6 8. b4 b5 9.
d5 Ne7 10. cxb5 exd5 11. Bg5 f6 12. exf6 gxf6 13. Bxf6 Rh6 14. Bg5 Re6+ 15. Be2
Bg7 16. Ra2 a6 17. Nd4 axb5 18. Nxe6 dxe6 19. O-O Nd7 20. Bxh5+ Kf8 21. Qe2 c5
22. Qxe6 Nf6 23. Qf7# 1-0

[Event "Jacob II"]
[Site "http://www.queenalice.com/game.php?id=1440136"]
[Date "2016.9.7"]
[Round "-"]
[White "Sonia"]
[Black "joaobatista"]
[Result "0-1"]
[WhiteElo "1725"]
[BlackElo "1732"]

1. e4 a6 2. Nc3 e6 3. Nf3 h6 4. Bc4 b5 5. Bb3 d6 6. O-O Bb7 7. d3 Nd7 8. a4 b4
9. Ne2 a5 10. Ng3 Ne7 11. Re1 Nc5 12. Bc4 Qd7 13. d4 Nxa4 14. Qe2 Nb6 15. Bd3
Ng6 16. Nh5 f6 17. b3 Rg8 18. e5 dxe5 19. Bxg6+ Kd8 20. Rd1 e4 21. Bxe4 Nd5 22.
Bb2 Bd6 23. Nh4 Ba6 24. Bd3 Bxd3 25. Rxd3 g6 26. Nxf6 Nxf6 27. d5 e5 28. Bxe5
Ne8 29. Nf3 Qf5 30. Nd4 Qxe5 31. Qxe5 Bxe5 32. Nc6+ Kd7 33. Nxe5+ Ke7 34. Re1
Kf8 35. Nd7+ Kg7 36. Re7+ Kh8 37. Rf3 Nd6 38. Ne5 Rg7 39. Re6 a4 40. bxa4 Rxa4
41. Nxg6+ Kh7 42. Nf8+ Kg8 43. Rxh6 Ra1# 0-1

[Event "Challenge"]
[Site "http://www.queenalice.com/game.php?id=1441398"]
[Date "2016.9.16"]
[Round "-"]
[White "Scaracioli"]
[Black "joaobatista"]
[Result "1-0"]
[WhiteElo "1647"]
[BlackElo "1732"]

1. e4 e5 2. Nf3 d6 3. h3 a6 4. d4 Nc6 5. d5 Na7 6. a4 h6 7. g4 Nf6 8. Bd3 g5 9.
Be3 b6 10. Qe2 Bb7 11. c4 c6 12. b4 cxd5 13. cxd5 Bg7 14. Bxa6 Bxa6 15. Qxa6 Nd7
16. Qd3 O-O 17. h4 f6 18. Qd2 Qc8 19. Nc3 Qc4 20. b5 Nxb5 21. Nxb5 Rxa4 22. Rxa4
Qxa4 23. Nc3 Qa1+ 24. Nd1 Rc8 25. O-O Qa4 26. Nc3 Qc4 27. Rc1 Qa6 28. Kg2 b5 29.
h5 Rc4 30. Qd3 Qa3 31. Rc2 Qb4 32. Nd2 Nc5 33. Bxc5 Rxc5 34. f3 Qa3 35. Ndb1 Qb3
36. Nd2 Qa3 37. Ndb1 Qa5 38. Ra2 Qb6 39. Rb2 Qa5 40. Ra2 Qb6 41. Rb2 Qa5 42.
Nxb5 Bf8 43. N1c3 Qa1 44. Rb1 Qa6 45. Qc2 Rc4 46. Rb3 Qc8 47. Ra3 Qc5 48. Rb3
Be7 49. Qa2 Qc8 50. Ra3 Qc5 51. Rb3 Qe3 52. Qf2 Qd3 53. Kg3 Rc5 54. Qe1 Qc4 55.
Qb1 Rc8 56. Na7 Rc7 57. Rb8+ Kf7 58. Ncb5 Rc5 59. Rb7 Kf8 60. Rb8+ Kg7 61. Nc6
Qe2 62. Nxe7 Rc2 63. Nf5+ Kh7 64. Rb7+ Kh8 65. Qg1 Qd2 66. Rb8+ 1-0

[Event "Challenge"]
[Site "http://www.queenalice.com/game.php?id=1441399"]
[Date "2016.9.16"]
[Round "-"]
[White "joaobatista"]
[Black "Scaracioli"]
[Result "1-0"]
[WhiteElo "1748"]
[BlackElo "1710"]

1. e4 e5 2. a3 Nf6 3. Nc3 c6 4. d3 d5 5. f3 d4 6. Na2 c5 7. Bg5 Be7 8. Bh4 h6 9.
b4 cxb4 10. axb4 b5 11. Ne2 a5 12. g3 g5 13. Bxg5 hxg5 14. h3 axb4 15. Bg2 Bb7
16. O-O Nh5 17. Qd2 Qd6 18. Rfb1 Qf6 19. Rb2 Ra4 20. Rf1 Bc8 21. Nxb4 Bxb4 22.
Rxb4 Rxb4 23. Qxb4 Bd7 24. Ra1 Qb6 25. Kh2 f5 26. Ra8 Qb7 27. Ra1 f4 28. g4 Nc6
29. Qd6 Rh7 30. gxh5 Ne7 31. Qxe5 Qb6 32. Ra8+ Kf7 33. Nxd4 Qb7 34. Rb8 Qa7 35.
Rd8 Rxh5 36. Qd6 Bxh3 37. Bxh3 g4 38. Qxf4+ Nf5 39. fxg4 Rxh3+ 40. Kxh3 Qb6 41.
Qxf5+ Ke7 42. Qf8# 1-0

[Event "July I"]
[Site "http://www.queenalice.com/game.php?id=1445528"]
[Date "2016.10.13"]
[Round "-"]
[White "joaobatista"]
[Black "nuage"]
[Result "0-1"]
[WhiteElo "1762"]
[BlackElo "1735"]

1. d4 d5 2. h3 Nf6 3. Nc3 e6 4. a3 Bd6 5. g3 O-O 6. Bg2 Nbd7 7. Bg5 h6 8. Bd2 c5
9. Nf3 c4 10. b3 Nb6 11. g4 e5 12. dxe5 Bxe5 13. Nxe5 Qe7 14. Bf4 Be6 15. b4
Rad8 16. e3 Nbd7 17. g5 hxg5 18. Bh2 Nh7 19. Qd4 b6 20. Nc6 Qe8 21. Nxd8 Qxd8
22. O-O-O Nb8 23. h4 Nc6 24. Qd2 gxh4 25. f4 h3 26. Bf3 Nf6 27. Rhg1 Ne7 28. Rg5
Nf5 29. Rdg1 Ne8 30. e4 Nh6 31. exd5 Bf5 32. Qd4 f6 33. R5g3 Qc7 34. Nb5 Qe7 35.
Qxc4 Qe3+ 36. Kb2 a6 37. Nc3 b5 38. Qb3 Kh7 39. d6 Nxd6 40. Rd1 Nc4+ 41. Kb1
Nd2+ 42. Rxd2 Qxd2 43. Be2 Rd8 44. Rg1 Re8 45. Rd1 Qe3 46. Bh5 Rc8 47. Kb2 Ng8
48. Bf7 Ne7 49. Rd6 Nc6 50. Rd1 Nd4 51. Qd5 Qxc3+ 52. Ka2 Qxc2+ 53. Ka1 Nb3+ 54.
Qxb3 Qxb3 55. Bxb3 Rc3 56. Kb2 Rf3 57. Rd2 Rf1 58. Bg3 Rf3 59. Bh2 Kg6 60. Bd1
Rf1 61. Bc2 Bxc2 62. Kxc2 Kf5 63. Kb3 g5 64. fxg5 Rf3+ 65. Ka2 fxg5 66. Rd5+ Kg4
67. Rd2 Kf5 68. Rd5+ Kg4 69. Rd4+ Kh5 70. Bc7 Rf2+ 71. Kb1 h2 72. Bxh2 Rxh2 73.
Rd6 g4 74. Rxa6 g3 75. Rc6 g2 76. Rc5+ Kg4 77. Rc1 Rh1 0-1

[Event "Challenge"]
[Site "http://www.queenalice.com/game.php?id=1446364"]
[Date "2016.10.19"]
[Round "-"]
[White "tiagotrevo"]
[Black "joaobatista"]
[Result "0-1"]
[WhiteElo "1388"]
[BlackElo "1713"]

1. e4 a6 2. a4 Nc6 3. d4 d5 4. Qf3 Nxd4 5. Qd3 dxe4 6. Qxe4 Nf6 7. Qd3 Bf5 8.
Qa3 Nxc2+ 9. Ke2 Nxa3 10. Rxa3 Bxb1 11. Nf3 h6 12. h4 e6 13. Ke1 Bxa3 14. bxa3
Bc2 15. Nd2 O-O 16. h5 Ne4 17. Rh3 Nxd2 18. Rd3 Bxd3 19. Bxd3 Qxd3 20. Bxd2 Rfd8
21. g4 Qxd2+ 22. Kf1 Qa2 23. a5 Qxa3 24. Kg2 Rd3 25. f3 Rxf3 26. Kg1 Rg3+ 27.
Kf2 Qf3+ 28. Ke1 Qh1+ 29. Kd2 Rd8+ 30. Kc2 Qh2+ 31. Kc1 Rg1# 0-1

[Event "Jacob II"]
[Site "http://www.queenalice.com/game.php?id=1448082"]
[Date "2016.11.4"]
[Round "-"]
[White "joaobatista"]
[Black "Scaracioli"]
[Result "1-0"]
[WhiteElo "1716"]
[BlackElo "1684"]

1. g4 e5 2. e4 Nf6 3. d3 h6 4. g5 hxg5 5. Bxg5 Be7 6. Nf3 d6 7. h3 Be6 8. Be3
Nbd7 9. Ng5 c5 10. Nxe6 fxe6 11. Nc3 a6 12. Qe2 b6 13. Bg2 d5 14. exd5 exd5 15.
Nxd5 Nxd5 16. Bxd5 Rc8 17. O-O-O Nf6 18. Bb3 a5 19. a4 Rc7 20. Bg5 Rd7 21. Qxe5
Rf8 22. Bxf6 Rxf6 23. Qh5+ 1-0

[Event "Challenge"]
[Site "http://www.queenalice.com/game.php?id=1451386"]
[Date "2016.11.22"]
[Round "-"]
[White "Scaracioli"]
[Black "joaobatista"]
[Result "0-1"]
[WhiteElo "1658"]
[BlackElo "1731"]

1. e4 e5 2. Nf3 d6 3. h3 h6 4. d4 Bd7 5. d5 a6 6. c4 Nf6 7. Bd3 c6 8. b4 cxd5 9.
cxd5 g5 10. g4 Qb6 11. a3 Bg7 12. Nc3 Qc7 13. Bb2 b5 14. Rc1 Qb6 15. Qe2 Ng8 16.
Rc2 Ne7 17. O-O h5 18. Nxg5 hxg4 19. hxg4 Rh4 20. Nf3 Bxg4 21. Kg2 Bh3+ 22. Kg1
Rh6 23. Nh2 Rg6+ 24. Kh1 Bg2+ 0-1

[Event "Challenge"]
[Site "http://www.queenalice.com/game.php?id=1451387"]
[Date "2016.11.22"]
[Round "-"]
[White "joaobatista"]
[Black "Scaracioli"]
[Result "1-0"]
[WhiteElo "1744"]
[BlackElo "1601"]

1. h3 e5 2. a3 d5 3. d4 e4 4. e3 a6 5. Nd2 Ne7 6. Ne2 g5 7. f3 f5 8. fxe4 fxe4
9. g3 h5 10. c4 Nf5 11. Nb3 b6 12. c5 bxc5 13. Bd2 c4 14. Nc5 Bxc5 15. dxc5 a5
16. Bg2 Qe7 17. Kf2 Qxc5 18. Qc2 Bb7 19. Nd4 Nxd4 20. exd4 Qxd4+ 21. Be3 Rf8+
22. Ke2 Qg7 23. Rad1 Nd7 24. Bd4 Nf6 25. Rhf1 O-O-O 26. Rf5 Qg6 27. Rdf1 Rd6 28.
Qc3 Ra6 29. Bc5 Rf7 30. Be3 g4 31. Rg5 Qh7 32. Qe5 Qh8 33. hxg4 Nxg4 34. Qxh8+
Kd7 35. Rxf7+ Kc6 36. Rg6+ Kb5 37. Qe8+ c6 38. Rxb7+ Ka4 39. Rxc6 1-0

[Event "Jacob II"]
[Site "http://www.queenalice.com/game.php?id=1453570"]
[Date "2016.12.6"]
[Round "-"]
[White "joaobatista"]
[Black "Scaracioli"]
[Result "1-0"]
[WhiteElo "1754"]
[BlackElo "1543"]

1. h3 e5 2. e4 Nf6 3. d3 d5 4. Bg5 Be7 5. Bd2 d4 6. Nf3 Nc6 7. g3 a6 8. a3 O-O
9. Bg2 Bd6 10. b4 a5 11. b5 Ne7 12. c3 Bd7 13. a4 Bc5 14. Nxe5 Be6 15. c4 c6 16.
bxc6 Nxc6 17. Ng4 Nxg4 18. hxg4 Bb4 19. f4 Qc7 20. Bxb4 axb4 21. Nd2 Qd7 22. f5
Ne5 23. Nb3 Rxa4 24. Rb1 b6 25. fxe6 Qxe6 26. Nxd4 Qd7 27. Nb5 Ra2 28. O-O Nxg4
29. Rf3 h5 30. Rxb4 Rfa8 31. e5 Nxe5 32. Re3 Re8 33. Nc3 Nxc4 34. Rxe8+ Qxe8 35.
Rxc4 Qe3+ 36. Kh2 Rd2 37. Rc8+ Kh7 38. Qxh5+ Qh6 39. Qxh6+ gxh6 40. Rd8 Kg7 41.
Kh3 h5 42. Rd5 Kg6 43. Be4+ Kh6 44. Rd6+ Kg5 45. Rxb6 Rc2 46. Nd5 Rc1 47. Rf6 h4
48. gxh4+ Kh5 49. Nf4# 1-0

[Event "Challenge"]
[Site "http://www.queenalice.com/game.php?id=1456072"]
[Date "2016.12.23"]
[Round "-"]
[White "Scaracioli"]
[Black "joaobatista"]
[Result "1-0"]
[WhiteElo "1652"]
[BlackElo "1745"]

1. e4 a6 2. d4 d5 3. e5 h6 4. Nc3 Nc6 5. Be3 Bf5 6. f3 Nb4 7. Bd3 Nxd3+ 8. cxd3
e6 9. h4 Ne7 10. g4 Bg6 11. h5 Bh7 12. f4 g6 13. hxg6 Nxg6 14. Nf3 f6 15. g5
hxg5 16. fxg5 f5 17. Bf2 Qe7 18. Qd2 O-O-O 19. Be3 Bg7 20. O-O-O Qf7 21. Bf4 Ne7
22. Rh2 Bg6 23. Rxh8 Rxh8 24. Qg2 Qe8 25. b4 Nc6 26. a3 a5 27. b5 Na7 28. a4 Qe7
29. Kd2 Qb4 30. Rb1 Qe7 31. Ke3 b6 32. Rh1 Rxh1 33. Qxh1 c5 34. dxc5 Qxc5+ 35.
Kd2 Kd7 36. Qe1 Qb4 37. Ke3 Bf8 38. d4 Qb3 39. Qa1 Bb4 40. Kd3 Bh5 41. Nd2 Qxc3+
42. Qxc3 Be2+ 43. Kxe2 Bxc3 44. Nb3 Nc8 45. Kf3 Ne7 46. Nd2 Bxd4 47. Kg3 Ng6 48.
Nf3 Bc3 49. Be3 Kc7 50. Nh4 Bxe5+ 51. Kh3 Nxh4 52. Kxh4 d4 53. Bd2 Bg7 54. Kh5
e5 55. Kg6 Bh8 56. Kh7 e4 57. Kxh8 e3 58. Be1 d3 59. Bg3+ Kb7 60. Bf4 d2 61.
Bxe3 d1=Q 62. g6 Qa1+ 63. g7 Qe5 64. Bh6 Qf6 65. Kh7 Qf7 66. Kh8 f4 67. g8=Q
Qf6+ 68. Qg7+ Qxg7+ 69. Kxg7 f3 70. Be3 1-0

[Event "Jacob II"]
[Site "http://www.queenalice.com/game.php?id=1462335"]
[Date "2017.2.2"]
[Round "-"]
[White "nuage"]
[Black "joaobatista"]
[Result "1-0"]
[WhiteElo "1836"]
[BlackElo "1725"]

1. Nf3 c5 2. c3 b6 3. g3 Bb7 4. Bg2 Bc6 5. O-O h6 6. d4 e6 7. Ne5 Bxg2 8. Kxg2
Bd6 9. f4 Nf6 10. Be3 Nd5 11. Bd2 h5 12. Qa4 a6 13. f5 O-O 14. Qd1 h4 15. e4 Nc7
16. Qg4 hxg3 17. f6 g6 18. Qg5 cxd4 19. cxd4 Nc6 20. Qh6 Nxe5 21. Qg7# 1-0

[Event "Challenge"]
[Site "http://www.queenalice.com/game.php?id=1464861"]
[Date "2017.2.16"]
[Round "-"]
[White "joaobatista"]
[Black "Scaracioli"]
[Result "0-1"]
[WhiteElo "1696"]
[BlackElo "1711"]

1. e4 e5 2. h3 Nf6 3. d3 h6 4. a3 a5 5. Bd2 b5 6. Nc3 c6 7. Nf3 d6 8. g4 Bb7 9.
Bg2 Qe7 10. Nh4 Bc8 11. Nf5 Bxf5 12. gxf5 g6 13. fxg6 fxg6 14. O-O Bg7 15. Qe2
Nbd7 16. b4 axb4 17. axb4 Rxa1 18. Rxa1 O-O 19. Ra7 Qe6 20. Ra6 Nb8 21. Ra8 d5
22. exd5 Nxd5 23. Ne4 Nf4 0-1

[Event "Challenge"]
[Site "http://www.queenalice.com/game.php?id=1466418"]
[Date "2017.2.25"]
[Round "-"]
[White "Scaracioli"]
[Black "joaobatista"]
[Result "1-0"]
[WhiteElo "1726"]
[BlackElo "1681"]

1. e4 f6 2. d4 e6 3. Bd3 Ne7 4. e5 Nd5 5. b3 Bb4+ 6. Bd2 Bxd2+ 7. Nxd2 a6 8. c4
Nb4 9. Bb1 f5 10. a3 N4c6 11. Ndf3 b6 12. Ne2 h6 13. O-O Bb7 14. d5 exd5 15.
cxd5 1-0

[Event "Challenge"]
[Site "http://www.queenalice.com/game.php?id=1466419"]
[Date "2017.2.25"]
[Round "-"]
[White "joaobatista"]
[Black "Scaracioli"]
[Result "0-1"]
[WhiteElo "1667"]
[BlackElo "1740"]

1. e4 e5 2. h3 Nf6 3. d3 h6 4. Nf3 d6 5. Nc3 c6 6. a3 Be6 7. Be3 Nbd7 8. g3 d5
9. exd5 cxd5 10. Bg2 d4 11. Nxd4 exd4 12. Bxd4 Qc8 13. O-O Rb8 14. Bxa7 Ra8 15.
Be3 Bd6 0-1

[Event "Challenge"]
[Site "http://www.queenalice.com/game.php?id=1466719"]
[Date "2017.2.27"]
[Round "-"]
[White "Mr_SPOCK"]
[Black "joaobatista"]
[Result "1-0"]
[WhiteElo "1688"]
[BlackElo "1713"]

1. e4 d6 2. d4 d5 3. e5 Bf5 4. Bd3 Qc8 5. Nf3 h6 6. O-O Bg4 7. Nc3 c6 8. b4 a6
9. b5 axb5 10. Nxb5 cxb5 11. Bxb5+ Bd7 12. Bxd7+ 1-0

[Event "Jacob II"]
[Site "http://www.queenalice.com/game.php?id=1466798"]
[Date "2017.2.28"]
[Round "-"]
[White "joaobatista"]
[Black "nuage"]
[Result "0-1"]
[WhiteElo "1654"]
[BlackElo "1764"]

1. Nc3 e5 2. a3 Nf6 3. e4 Bc5 4. h3 O-O 5. d3 d5 6. exd5 Nxd5 7. Ne4 Bb6 8. c4
f5 9. Nc3 Nf4 10. b4 Bd4 11. Bb2 e4 12. Nge2 Nxd3+ 13. Kd2 Nxf2 14. Qb3 Bf6+ 0-1